In welcher Stadt liegt dieser Stadtteil? - Statistiken

Allgemein
  • Dieses Quiz wurde 233 mal gespielt
  • Das Durchschnittsergebnis liegt bei 12 aus 20
Antwortstatistiken
Frage Antwort % Korrekt
Alt-Treptow
100%
Charlottenburg
100%
Friedrichshain
100%
Karlshorst
100%
Kreuzberg
100%
Neukölln
100%
Prenzlauer Berg
100%
Rudow
100%
Schöneberg
100%
Spandau
100%
Steglitz
100%
Tegel
100%
Tiergarten
100%
Wannsee
100%
Wilmersdorf
100%
Fuhlsbüttel
100%
HafenCity
100%
Harvestehude
100%
Hoheluft-West
100%
Neugraben-Fischbek
100%
Rönneburg
100%
Schnelsen
100%
St. Pauli
100%
Wilhelmsburg
100%
Winterhude
100%
Berg am Laim Ost
100%
Deutsches Museum
100%
Schwabing-Ost
100%
Dellbrück
100%
Ehrenfeld
100%
Kalk
100%
Meschenich
100%
Poll
100%
Sürth
100%
Tempelhof
93%
Alsterdorf
92%
Harburg
92%
Feldmoching
92%
Lichtenrade
91%
Altona-Altstadt
91%
Ottensen
91%
Obersendling
91%
Moabit
90%
Pankow
90%
Altenwerder
90%
Barmbek-Nord
90%
Marzahn
89%
Hummelsbüttel
89%
Moorfleet
89%
Steilshoop
89%
Karow
88%
Altaubing
88%
Giesing
88%
Neufreimann
88%
St. Vinzenz
88%
Lind
88%
Müngersdorf
88%
Porz
88%
Eimsbüttel
86%
Englschalking
86%
Esch/Auweiler
86%
Mülheim
86%
Gesundbrunnen
85%
Wellingsbüttel
85%
Köpenick
83%
Eilbek
83%
Rahlstedt
83%
Wandsbek
83%
Harlaching
83%
Josephsplatz
83%
Pasing
83%
Untermenzing-Allach
83%
Deutz
83%
Flittard
83%
Ochsenwerder
82%
Poppenbüttel
82%
Falkenhagener Feld
80%
Kladow
80%
Wittenau
80%
Billwerder
80%
Groß Flottbek
80%
Lokstedt
80%
Neuenfelde
80%
Othmarschen
80%
Rotherbaum
80%
Maßmannbergl
80%
Neuschwabing
80%
Oberwiesenfeld
80%
Bocklemünd/Mengenich
80%
Brück
80%
Ensen
80%
Friedrichsfelde
79%
Lichtenberg
78%
Zehlendorf
78%
Billbrook
78%
Sternschanze
78%
Daglfing
78%
Milbertshofen
78%
Longerich
78%
Oberschöneweide
77%
Wohldorf-Ohlstedt
77%
Trudering-Riem
77%
Altglienicke
75%
Hellersdorf
75%
Malchow
75%
Marienfelde
75%
Märkisches Viertel
75%
Wedding
75%
Weißensee
75%
Billstedt
75%
Osdorf
75%
Steinwerder
75%
Stellingen
75%
Tonndorf
75%
Großhadern
75%
Lehel
75%
Ludwigsvorstadt-Kliniken
75%
Oberföhring
75%
Lichterfelde
73%
Falkenberg
71%
Rahnsdorf
71%
Langenhorn
71%
Balanstraße-West
71%
Buckow
70%
Merkenich
70%
Biesdorf
67%
Dahlem
67%
Friedenau
67%
Friedrichshagen
67%
Gatow
67%
Grunewald
67%
Haselhorst
67%
Mariendorf
67%
Hamm
67%
Moorburg
67%
Uhlenhorst
67%
Veddel
67%
Alt Moosach
67%
Altperlach
67%
Englischer Garten Süd
67%
Fürstenried-West
67%
Glockenbach
67%
Johanneskirchen
67%
Kreuzviertel
67%
Ludwigsfeld
67%
Maximilianeum
67%
Nymphenburg
67%
Thalkirchen
67%
Junkersdorf
67%
Raderberg
67%
Vingst
67%
Westhoven
67%
Zollstock
67%
Lankwitz
64%
Duvenstedt
64%
Eidelstedt
64%
Kleiner Grasbrook
64%
Am Luitpoldpark
63%
Chorweiler
63%
Höhenberg
63%
Klettenberg
63%
Ossendorf
63%
Rodenkirchen
63%
Baumschulenweg
60%
Blankenese
60%
Langenbek
60%
Niendorf
60%
Altbogenhausen
60%
Eil
60%
Holweide
60%
Riehl
60%
Stammheim
60%
Finkenwerder
58%
Neuengamme
58%
Josephsburg
58%
Alt-Hohenschönhausen
57%
Blankenfelde
57%
Nikolassee
57%
Neuwerk
57%
Freimann
57%
Lochhausen
57%
Sülldorf
56%
Am Schlachthof
56%
Augustenstraße
56%
Bilderstöckchen
56%
Gropiusstadt
55%
Bergstedt
55%
Haidhausen-Nord
55%
Schwanthalerhöhe
55%
Lövenich
54%
Urbach
54%
Volkhoven/Weiler
54%
Adlershof
50%
Britz
50%
Französisch Buchholz
50%
Heiligensee
50%
Lübars
50%
Reinickendorf
50%
Schmöckwitz
50%
Bahrenfeld
50%
Bergedorf
50%
Horn
50%
Kirchwerder
50%
Nienstedten
50%
Ohlsdorf
50%
Rothenburgsort
50%
Sinstorf
50%
St. Georg
50%
Tatenberg
50%
Am Hart
50%
Freiham
50%
Friedenheim
50%
Graggenau
50%
Obere Au
50%
Steinhausen
50%
Braunsfeld
50%
Gremberghoven
50%
Höhenhaus
50%
Humboldt/Gremberg
50%
Langel
50%
Lindweiler
50%
Niehl
50%
Nippes
50%
Rath/Heumar
50%
Wahn
50%
Worringen
50%
Alte Heide-Hirschau
47%
Neuhausen
47%
Dreimühlen
46%
St. Ulrich
46%
Godorf
46%
Frohnau
45%
Kaulsdorf
45%
Allermöhe
45%
Eppendorf
45%
Jenfeld
45%
Merheim
45%
Mahlsdorf
44%
Plänterwald
44%
Blumenau
44%
Hahnwald
44%
Grünau
43%
Heinersdorf
43%
Iserbrook
43%
Lohbrügge
43%
Neuallermöhe
43%
Neustadt
43%
Hasenbergl-Lerchenau Ost
43%
Königsplatz
43%
Solln
43%
St. Benno
43%
Lindenthal
43%
Sülz
43%
Bramfeld
42%
Johannisthal
40%
Schlachtensee
40%
Altengamme
40%
Am Westbad
40%
Echarding
40%
Herzogpark
40%
Bayenthal
40%
Blumenberg
40%
Bohnsdorf
38%
Wilstorf
38%
Hackenviertel
38%
Schwere-Reiter-Straße
38%
Heimersdorf
38%
Mauenheim
38%
Neubrück
38%
Roggendorf/Thenhoven
38%
Zündorf
38%
Hansaviertel
36%
Konradshöhe
33%
Müggelheim
33%
Waidmannslust
33%
Borgfelde
33%
Eißendorf
33%
Volksdorf
33%
Angerviertel
33%
Forstenried
33%
Gärtnerplatz
33%
Obermenzing
33%
Immendorf
33%
Raderthal
33%
Weiden
33%
Weiß
33%
Halensee
30%
Hermsdorf
30%
Curslack
30%
Marmstorf
30%
Spadenland
30%
Alte Kaserne
30%
Buch
29%
Reitbrook
29%
Land in Sonne
29%
Finkenberg
29%
Widdersdorf
29%
Lurup
27%
Am Riesenfeld
27%
Blankenburg
25%
Siemensstadt
25%
Francop
25%
Groß Borstel
25%
Gut Moor
25%
Hausbruch
25%
Schönfeldvorstadt
25%
Siebenbrunn
25%
Bickendorf
25%
Grengel
25%
Libur
25%
Rondorf
25%
Rosenthal
22%
Farmsen-Berne
22%
Am Waldfriedhof
22%
Marsfeld
22%
Hakenfelde
20%
Wilhelmsruh
20%
Lemsahl-Mellingstedt
20%
Marienthal
20%
Waltershof
20%
Vogelsang
20%
Schmargendorf
18%
Neuland
18%
Dünnwald
18%
Heimfeld
17%
Sasel
17%
Ramersdorf
17%
Pesch
17%
Dulsberg
14%
Biederstein
14%
Elsdorf
14%
Fühlingen
14%
Fennpfuhl
13%
Cranz
13%
Marienburg
13%
Wartenberg
11%
Kleinhesselohe
11%
St. Paul
11%
Buchforst
11%
Buchheim
10%
Borsigwalde
0%
Rummelsburg
0%
Staaken
0%
Wilhelmstadt
0%
Hohenfelde
0%
Rissen
0%
Dom Pedro
0%
Seeberg
0%
Keine übereinstimmenden Quizze gefunden
Verteilung der Resultate
Anzahl Personen mit jedem Resultat
Perzentil nach korrekt beantworteten Fragen
Ihre Resultats-Entwicklung
Sie haben dieses Quiz noch nicht gespielt